000 01029nam a22002897a 4500
005 20240524050820.0
008 240509s2018 vm ||||| |||| 00| 0 vie d
020 _a9786046539575
040 _aDLC
_eAACR2
041 _avie
044 _avm
082 0 4 _a658.022
_bG362M
100 _aGerber, Michael E.
245 _aĐể xây dựng doanh nghiệp hiệu quả
_b: tại sao các doanh nghiệp nhỏ hoạt động kém hiệu quả và làm thế nào để khắc phục?
_c/ Michael E. Gerber ; Phương Thúy dịch
246 _aThe E-myth revisited
_b: why most small businesses don't work and what to do about it
250 _aTái bản lần 5.
260 _aHà Nội
_b: Lao động - Xã hội
_c, 2018
300 _a289 tr.
_c21 cm.
653 _aEntrepreneurship
653 _aSmall business
653 _aSuccess in business
653 _aDoanh nghiệp nhỏ
653 _aNăng lực kinh doanh
653 _aThành công trong kinh doanh
700 _aPhương Thúy
_e: Dịch
942 _2ddc
_cBK
999 _c1
_d1